| 000 | 00000nam 2200000zi 4500 |
| 001 | 9.920572 |
| 003 | CaOODSP |
| 005 | 20250218135237 |
| 006 | m o d f |
| 007 | cr |n||||||||| |
| 008 | 230303t20232023onc o f|0| 0 eng d |
| 020 | |a9780660478814 |
| 040 | |aCaOODSP|beng|erda|cCaOODSP |
| 043 | |an-cn--- |
| 086 | 1 |aHP35-176/2023E-PDF |
| 245 | 00|aAssociations between longer-term symptoms after COVID-19 and sociodemographics, health characteristics, period of infection, and vaccination status in Canadian adults, January 2020 to August 2022. |
| 264 | 1|a[Ottawa] : |bPublic Health Agency of Canada = Agence de la santé publique du Canada, |c2023. |
| 264 | 4|c©2023 |
| 300 | |a1 online resource (12 pages) |
| 336 | |atext|btxt|2rdacontent |
| 337 | |acomputer|bc|2rdamedia |
| 338 | |aonline resource|bcr|2rdacarrier |
| 500 | |aIssued also in French under title: Associations entre les symptômes à plus long terme après la COVID-19 et les données sociodémographiques, les caractéristiques de santé, la période d'infection et le statut de vaccination chez les adultes canadiens de janvier 2020 à août 2022. |
| 650 | 0|aCOVID-19 Pandemic, 2020-2023|xHealth aspects|zCanada. |
| 650 | 0|aPost COVID-19 condition (Disease) |xDiagnosis|zCanada. |
| 650 | 0|aCOVID-19 (Disease)|xVaccination|zCanada. |
| 650 | 0|aDisabilities|xDiagnosis|zCanada. |
| 710 | 2 |aPublic Health Agency of Canada, |eissuing body. |
| 775 | 08|tAssociations entre les symptômes à plus long terme après la COVID-19 et les données sociodémographiques, les caractéristiques de santé, la période d'infection et le statut de vaccination chez les adultes canadiens de janvier 2020 à août 2022.|w(CaOODSP)9.920573 |
| 856 | 40|qPDF|s1.21 MB|uhttps://publications.gc.ca/collections/collection_2023/aspc-phac/HP35-176-2023-eng.pdf |
| 986 | |a220801 |